[Event "II Festival Dioscuri A"]
[Site "Agrigento ITA"]
[Date "2009.11.14"]
[Round "3"]
[White "Ninov, Nikolai Ivanov"]
[Black "Arnetta, Maria Teresa"]
[Result "1-0"]
[WhiteElo "2521"]
[BlackElo "2046"]
[PlyCount "103"]
[EventDate "2009.11.13"]

1. e4 c5 2. Nf3 Nc6 3. d4 cxd4 4. Nxd4 e5 5. Nb5 d6 6. c4 a6 7. N5c3 Nf6 8. h3
Be7 9. Be3 O-O 10. Nd2 Be6 11. Nd5 Nd7 12. Nxe7+ Qxe7 13. Be2 f5 14. exf5 Bxf5
15. Nf3 Rad8 16. Qd2 Kh8 17. O-O Nf6 18. b4 Qc7 19. Qb2 Qb8 20. a4 Ne7 21. c5
Ned5 22. cxd6 Nxe3 23. fxe3 Qxd6 24. Qxe5 Ne4 25. Qxd6 Rxd6 26. Nd4 Ng3 27. Rf2
Nxe2+ 28. Nxe2 Rdf6 29. Rc1 Bd7 30. Rxf6 gxf6 31. Rc7 Bxa4 32. Rxb7 Rc8 33. Nd4
Rc1+ 34. Kf2 Rd1 35. Rb6 Rd2+ 36. Kg3 Rb2 37. Rxa6 Rxb4 38. Rxf6 Kg7 39. Rf4
Kg6 40. Nf5 Rxf4 41. Kxf4 Bc2 42. e4 Bb1 43. Nd4 Ba2 44. g4 Bc4 45. h4 Ba2 46.
h5+ Kf7 47. e5 Bb1 48. e6+ Ke7 49. Ke5 Bd3 50. Nf5+ Ke8 51. Kf6 Kd8 52. e7+ 1-0

[Event "II Festival Dioscuri A"]
[Site "Agrigento ITA"]
[Date "2009.11.14"]
[Round "3"]
[White "Palazzotto, Giuseppe"]
[Black "Livecchi, Dario"]
[Result "0-1"]
[WhiteElo "1952"]
[BlackElo "2151"]
[PlyCount "74"]
[EventDate "2009.11.13"]

1. Nf3 g6 2. g3 Bg7 3. d4 Nf6 4. c4 O-O 5. Bg2 d6 6. Nc3 Nc6 7. e4 e5 8. d5 Ne7
9. O-O Bg4 10. Be3 Ne8 11. Qd2 f5 12. Ng5 f4 13. gxf4 exf4 14. Bxf4 Bh6 15. Be3
Nf6 16. f3 Bd7 17. Ne2 b5 18. Nd4 Qb8 19. Nge6 Bxe3+ 20. Qxe3 Bxe6 21. Nxe6 Rf7
22. cxb5 a6 23. Rfc1 axb5 24. Rxc7 Nfxd5 25. exd5 Nxd5 26. Qb3 Nxc7 27. f4 Nxe6
28. Bxa8 Qa7+ 29. Kg2 Qxa8+ 30. Kg3 Nxf4 31. Qc2 Nh5+ 32. Kh4 Rf4+ 33. Kg5 Qd8+
34. Kh6 Qf8+ 35. Kg5 Qf6+ 36. Kh6 Qg7+ 37. Kg5 h6# 0-1

[Event "II Festival Dioscuri A"]
[Site "Agrigento ITA"]
[Date "2009.11.14"]
[Round "3"]
[White "Palazzotto, Roberto"]
[Black "Culle', Salvatore"]
[Result "1-0"]
[WhiteElo "1849"]
[BlackElo "1996"]
[PlyCount "49"]
[EventDate "2009.11.13"]

1. e4 e6 2. d4 d5 3. Nc3 Bb4 4. e5 c5 5. a3 Bxc3+ 6. bxc3 Ne7 7. Qg4 Qc7 8. Bd2
cxd4 9. cxd4 Qxc2 10. Qxg7 Qe4+ 11. Ne2 Rg8 12. Qh6 Nbc6 13. Qe3 Qg4 14. h3 Qg7
15. Ng3 Nf5 16. Nxf5 exf5 17. g3 Be6 18. Rb1 b6 19. Bb5 Bd7 20. Qf3 Qg6 21.
Qxd5 f4 22. Rc1 fxg3 23. Bxc6 gxf2+ 24. Kxf2 Qg3+ 25. Ke2 1-0

[Event "II Festival Dioscuri A"]
[Site "Agrigento ITA"]
[Date "2009.11.14"]
[Round "3"]
[White "Rosolia, Giuseppe"]
[Black "Russo, Alfio"]
[Result "1/2-1/2"]
[WhiteElo "1894"]
[BlackElo "1968"]
[PlyCount "30"]
[EventDate "2009.11.13"]

1. Nf3 g6 2. g3 Bg7 3. Bg2 f5 4. d3 c5 5. O-O Nc6 6. Nbd2 Nf6 7. Re1 O-O 8. e4
d6 9. c3 e5 10. Ng5 Qe7 11. Qb3+ Kh8 12. Nf1 h6 13. Nh3 g5 14. f3 f4 15. g4 Be6
1/2-1/2

[Event "II Festival Dioscuri A"]
[Site "Agrigento ITA"]
[Date "2009.11.15"]
[Round "4"]
[White "Arnetta, Maria Teresa"]
[Black "Rosolia, Giuseppe"]
[Result "1-0"]
[WhiteElo "2046"]
[BlackElo "1894"]
[PlyCount "55"]
[EventDate "2009.11.13"]

1. e4 e5 2. Nf3 d6 3. d4 Nd7 4. Bc4 c6 5. O-O Be7 6. dxe5 dxe5 7. Ng5 Bxg5 8.
Qh5 Qf6 9. Bxg5 Qg6 10. Qxg6 hxg6 11. Rd1 Ngf6 12. f3 Nc5 13. a4 Be6 14. Nd2
Nfd7 15. b4 Bxc4 16. Nxc4 f6 17. Nd6+ Ke7 18. Be3 Ne6 19. Nxb7 Nf4 20. Nc5 Ne2+
21. Kf2 Nd4 22. Nxd7 Nxc2 23. Bc5+ Ke8 24. Ra2 Nd4 25. Bxd4 Kxd7 26. Bxa7+ Kc7
27. Bc5 Rxh2 28. a5 1-0

[Event "II Festival Dioscuri A"]
[Site "Agrigento ITA"]
[Date "2009.11.15"]
[Round "4"]
[White "Bottino, Alexiei"]
[Black "Caruso, Antonino"]
[Result "1-0"]
[WhiteElo "2012"]
[BlackElo "1717"]
[PlyCount "69"]
[EventDate "2009.11.13"]

1. e4 c6 2. d4 g6 3. Bd3 Bg7 4. Ne2 e6 5. O-O Ne7 6. c3 O-O 7. Bg5 d6 8. f4 f6
9. Bh4 Qc7 10. Nd2 f5 11. Qc2 b6 12. Rae1 d5 13. e5 Ba6 14. Bxa6 Nxa6 15. Qd3
Nb8 16. Nf3 h6 17. b4 Kf7 18. Rb1 Nd7 19. Bxe7 Kxe7 20. Nh4 g5 21. Ng6+ Kf7 22.
Nxf8 Rxf8 23. fxg5 hxg5 24. g4 Bxe5 25. gxf5 Bxh2+ 26. Kg2 Bf4 27. Nxf4 gxf4
28. fxe6+ Kxe6 29. Rbe1+ Kd6 30. Qh7 Qd8 31. Kf3 Qf6 32. Rh1 Kc7 33. Re7 Rd8
34. Rh6 Qg5 35. Rg6 1-0

[Event "II Festival Dioscuri A"]
[Site "Agrigento ITA"]
[Date "2009.11.15"]
[Round "4"]
[White "Caizzone, Vito"]
[Black "Amico, Rosario"]
[Result "1-0"]
[WhiteElo "2149"]
[BlackElo "1940"]
[PlyCount "73"]
[EventDate "2009.11.13"]

1. e4 c5 2. Nf3 d6 3. d4 cxd4 4. Nxd4 Nf6 5. Nc3 g6 6. f3 Bg7 7. Be3 O-O 8. Be2
Nc6 9. Qd2 Bd7 10. O-O Rc8 11. Rad1 Ne5 12. b3 a6 13. Nd5 Nxd5 14. exd5 Qc7 15.
h3 Be8 16. c4 Nd7 17. Rfe1 Nf6 18. Bd3 Bd7 19. Bf2 Rce8 20. Re2 e5 21. dxe6
fxe6 22. Nc2 Bc6 23. Ree1 Nh5 24. Be4 Bxe4 25. Rxe4 Be5 26. Bd4 Ng3 27. Ree1
Bxd4+ 28. Nxd4 e5 29. Ne2 Qc5+ 30. Kh2 Nf5 31. Qd5+ Qxd5 32. Rxd5 Rd8 33. Nc3
Nd4 34. Ne4 Rxf3 35. Rxd4 Rxh3+ 36. Kxh3 exd4 37. Rd1 1-0

[Event "II Festival Dioscuri A"]
[Site "Agrigento ITA"]
[Date "2009.11.15"]
[Round "4"]
[White "Culle', Salvatore"]
[Black "Gigante, Giovanni"]
[Result "1-0"]
[WhiteElo "1996"]
[BlackElo "1692"]
[PlyCount "39"]
[EventDate "2009.11.13"]

1. d4 d5 2. c4 e6 3. Nc3 c6 4. Nf3 Nf6 5. e3 Nbd7 6. Bd3 dxc4 7. Bxc4 b5 8. Bd3
Qc7 9. O-O Bd6 10. Bd2 Bb7 11. Rc1 Rc8 12. Nxb5 Qb8 13. Nxd6+ Qxd6 14. a3 c5
15. Bc3 Be4 16. Be2 Ng4 17. dxc5 Qxd1 18. Rfxd1 Ngf6 19. b4 O-O 20. Ne5 1-0

[Event "II Festival Dioscuri A"]
[Site "Agrigento ITA"]
[Date "2009.11.15"]
[Round "4"]
[White "Furnari, Francesco"]
[Black "Palazzotto, Giuseppe"]
[Result "0-1"]
[WhiteElo "1861"]
[BlackElo "1952"]
[PlyCount "54"]
[EventDate "2009.11.13"]

1. d4 d5 2. Nf3 Nf6 3. c4 c6 4. Nc3 e6 5. e3 Nbd7 6. Qc2 Bd6 7. Bd3 dxc4 8.
Bxc4 b5 9. Bd3 Bb7 10. O-O a6 11. a4 O-O 12. e4 e5 13. d5 cxd5 14. exd5 Rc8 15.
axb5 axb5 16. Bxb5 Bxd5 17. Qd1 Nb6 18. Bg5 e4 19. Nd2 Qe7 20. Re1 Qe5 21. Nf3
Qf5 22. Bxf6 exf3 23. Bd4 fxg2 24. Qd3 Qh5 25. h3 Bf3 26. Ne2 Qxh3 27. Ng3 Qh1+
0-1

[Event "II Festival Dioscuri A"]
[Site "Agrigento ITA"]
[Date "2009.11.15"]
[Round "4"]
[White "Gromovs, Sergejs"]
[Black "Bentivegna, Francesco"]
[Result "0-1"]
[WhiteElo "2291"]
[BlackElo "2303"]
[PlyCount "52"]
[EventDate "2009.11.13"]

1. d4 d5 2. Nf3 Nc6 3. Bf4 Bg4 4. e3 e6 5. h3 Bh5 6. Bb5 Bd6 7. c3 Nge7 8. Nbd2
O-O 9. O-O f6 10. Bxd6 cxd6 11. e4 Kh8 12. Re1 e5 13. Be2 Bf7 14. exd5 Nxd5 15.
c4 Nf4 16. Bf1 f5 17. d5 Nb8 18. g3 Ng6 19. h4 Nd7 20. Nb3 Rc8 21. h5 Ne7 22.
Ng5 Qe8 23. Qd2 Bxh5 24. Ne6 Rf6 25. Rac1 f4 26. Rc3 26... Nf8 {...} 0-1

[Event "II Festival Dioscuri A"]
[Site "Agrigento ITA"]
[Date "2009.11.15"]
[Round "4"]
[White "Kizov, Atanas"]
[Black "Dragojlovic, Andjelko"]
[Result "1-0"]
[WhiteElo "2415"]
[BlackElo "2394"]
[PlyCount "51"]
[EventDate "2009.11.13"]

1. d4 Nf6 2. Nf3 g6 3. Bg5 Bg7 4. c3 b6 5. Nbd2 Bb7 6. e3 O-O 7. Bc4 d5 8. Be2
Nbd7 9. O-O Qe8 10. Bf4 c6 11. Ne5 Nxe5 12. Bxe5 Bh6 13. b4 c5 14. a4 a6 15.
Bf3 Qc6 16. Qc2 Rfe8 17. Rfe1 Qd7 18. Bf4 Bg7 19. e4 dxe4 20. Nxe4 Bxe4 21.
Bxe4 Rad8 22. Bf3 Nd5 23. Be5 e6 24. Bxg7 Kxg7 25. g3 Qd6 26. Re2 {...} 1-0

[Event "II Festival Dioscuri A"]
[Site "Agrigento ITA"]
[Date "2009.11.15"]
[Round "4"]
[White "La Bella, Roberto"]
[Black "Palazzotto, Roberto"]
[Result "1/2-1/2"]
[WhiteElo "2097"]
[BlackElo "1849"]
[PlyCount "138"]
[EventDate "2009.11.13"]

1. e4 c5 2. c3 d5 3. exd5 Qxd5 4. d4 cxd4 5. cxd4 e6 6. Nf3 Nf6 7. Be2 Nc6 8.
O-O Be7 9. Nc3 Qd8 10. Bf4 O-O 11. Rc1 Re8 12. Bb5 Bd7 13. Ne5 Rc8 14. Qa4 a6
15. Bxc6 Bxc6 16. Nxc6 Rxc6 17. Ne2 b5 18. Qb3 Rxc1 19. Rxc1 Qd5 20. Be3 Qxb3
21. axb3 Nd5 22. Kf1 Kf8 23. Ra1 Nb4 24. Bd2 Ra8 25. Bc3 Ke8 26. d5 Nxd5 27.
Bxg7 Bf6 28. Bxf6 Nxf6 29. Nd4 Ne4 30. Nxb5 Rb8 31. Nd4 Nd2+ 32. Ke2 Nxb3 33.
Nxb3 Rxb3 34. Ra2 Ke7 35. Kd2 a5 36. Kc2 Rb5 37. Ra4 Kf6 38. Rh4 Kg6 39. f4 f5
40. Rh3 h5 41. Rg3+ Kh6 42. Re3 Rb6 43. Re5 a4 44. g3 Kg6 45. Rc5 Rb4 46. Rc8
Kf6 47. Rh8 Kg6 48. h4 Re4 49. Kb1 Re3 50. Rc8 Re4 51. Ka2 Re3 52. Rc3 Re4 53.
Ka3 Kf6 54. Rc5 Re3+ 55. Kxa4 Rxg3 56. b4 Rg4 57. Rc4 Rxh4 58. b5 Rh1 59. b6
Rb1 60. Rb4 Ra1+ 61. Kb5 Ra8 62. b7 Rb8 63. Kc6 e5 64. fxe5+ Kxe5 65. Rh4 f4
66. Rxh5+ Ke4 67. Rh7 f3 68. Kc7 Rxb7+ 69. Kxb7 f2 1/2-1/2

[Event "II Festival Dioscuri A"]
[Site "Agrigento ITA"]
[Date "2009.11.15"]
[Round "4"]
[White "Livecchi, Dario"]
[Black "Ljubisavljevic, Zivojin Z."]
[Result "0-1"]
[WhiteElo "2151"]
[BlackElo "2287"]
[PlyCount "62"]
[EventDate "2009.11.13"]

1. d4 Nf6 2. c4 c5 3. d5 b5 4. cxb5 a6 5. bxa6 Bxa6 6. Nc3 d6 7. e4 Bxf1 8.
Kxf1 g6 9. g3 Bg7 10. Kg2 O-O 11. Nf3 Na6 12. Re1 Nd7 13. Bf4 Qb6 14. Qd2 c4
15. Re2 Nac5 16. Bh6 Nb3 17. axb3 Rxa1 18. Bxg7 Kxg7 19. bxc4 Rc8 20. e5 dxe5
21. Nxe5 Nxe5 22. Rxe5 Qb4 23. Qe3 Qxc4 24. Rxe7 Qf1+ 25. Kf3 Qh1+ 26. Kg4 h5+
27. Kh3 Qf1+ 28. Kh4 Qa6 29. Ne4 Ra4 30. f4 Rc2 31. h3 Rxe4 0-1

[Event "II Festival Dioscuri A"]
[Site "Agrigento ITA"]
[Date "2009.11.15"]
[Round "4"]
[White "Mazzilli, Piero"]
[Black "Ninov, Nikolai Ivanov"]
[Result "1/2-1/2"]
[WhiteElo "2347"]
[BlackElo "2521"]
[PlyCount "31"]
[EventDate "2009.11.13"]

1. e4 c5 2. c3 d5 3. exd5 Qxd5 4. d4 Nf6 5. Nf3 Bg4 6. Be2 e6 7. h3 Bh5 8. O-O
Nc6 9. Be3 cxd4 10. Nxd4 Bxe2 11. Qxe2 Bc5 12. Nxc6 Qxc6 13. Bxc5 Qxc5 14. Nd2
O-O 15. Rfd1 Rfd8 16. Ne4 1/2-1/2

[Event "II Festival Dioscuri A"]
[Site "Agrigento ITA"]
[Date "2009.11.15"]
[Round "4"]
[White "Reina, Giuseppe"]
[Black "Filetti, Massimiliano"]
[Result "0-1"]
[WhiteElo "1812"]
[BlackElo "1928"]
[PlyCount "112"]
[EventDate "2009.11.13"]

1. d4 Nf6 2. c4 g6 3. Nc3 d5 4. e3 Bg7 5. Qb3 dxc4 6. Bxc4 O-O 7. Bd2 Nc6 8.
Nd5 Ne4 9. Bb4 Nxb4 10. Qxb4 c5 11. dxc5 a5 12. Qb6 e6 13. Qxd8 Rxd8 14. Nb6
Rb8 15. Nf3 Bxb2 16. Rb1 Bc3+ 17. Ke2 Bb4 18. Na4 Bd7 19. Bd3 Nxf2 20. Kxf2
Bxa4 21. Ke2 Bxc5 22. Bb5 Bxb5+ 23. Rxb5 b6 24. Ne5 Rbc8 25. Nc4 Rd7 26. Rhb1
Rcd8 27. a4 f6 28. R1b2 Kf7 29. Nxb6 Bxb6 30. Rxb6 Ke7 31. Rb7 Rxb7 32. Rxb7+
Rd7 33. Rb5 Rd5 34. Rb7+ Rd7 35. Rb5 Ra7 36. Kd3 Kd7 37. Rb6 h5 38. e4 g5 39.
h4 g4 40. Rb5 e5 41. Rb6 Ke7 42. Rb5 Kf7 43. Kc4 Rd7 44. Rd5 Rxd5 45. Kxd5 Ke7
46. g3 Kd7 47. Kc5 Ke6 48. Kc4 f5 49. exf5+ Kxf5 50. Kd3 Kf6 51. Ke3 Ke6 52.
Ke4 Kd6 53. Kd3 Kd5 54. Ke3 Kc4 55. Ke4 Kb4 56. Kxe5 Kxa4 0-1

[Event "II Festival Dioscuri A"]
[Site "Agrigento ITA"]
[Date "2009.11.15"]
[Round "4"]
[White "Russo, Alfio"]
[Black "Gangemi, Salvatore"]
[Result "1/2-1/2"]
[WhiteElo "1968"]
[BlackElo "2097"]
[PlyCount "55"]
[EventDate "2009.11.13"]

1. d4 Nf6 2. Nf3 d5 3. c4 e6 4. e3 Nbd7 5. Nc3 Bb4 6. a3 Bxc3+ 7. bxc3 Ne4 8.
Qc2 O-O 9. Bd3 Ndf6 10. O-O c5 11. Ne5 Qa5 12. f3 Nd6 13. cxd5 exd5 14. a4 c4
15. Be2 Bf5 16. Qd2 Qc7 17. Ba3 Rfe8 18. Bxd6 Qxd6 19. e4 dxe4 20. Qf4 exf3 21.
Rxf3 Bg4 22. Bxc4 Be6 23. Bxe6 Rxe6 24. Raf1 Rf8 25. Ng4 Qxf4 26. Rxf4 Nd5 27.
R4f3 Rc6 28. Ne5 {...} 1/2-1/2

[Event "II Festival Dioscuri A"]
[Site "Agrigento ITA"]
[Date "2009.11.15"]
[Round "4"]
[White "Valguarnera, Girolamo"]
[Black "Dagnino, Marcello"]
[Result "1-0"]
[WhiteElo "2140"]
[BlackElo "1565"]
[PlyCount "37"]
[EventDate "2009.11.13"]

1. e4 c5 2. Nf3 Nc6 3. Bc4 e6 4. Nc3 Nge7 5. O-O Ng6 6. d4 cxd4 7. Nxd4 a6 8.
a4 Be7 9. Be3 O-O 10. f4 Re8 11. Qh5 Nxd4 12. Bxd4 Bf6 13. e5 Be7 14. f5 exf5
15. Qxf5 Rf8 16. Bxf7+ Kh8 17. Qh5 Nxe5 18. Qxe5 Bf6 19. Rxf6 1-0

[Event "II Festival Dioscuri A"]
[Site "Agrigento ITA"]
[Date "2009.11.15"]
[Round "5"]
[White "Amico, Rosario"]
[Black "Livecchi, Dario"]
[Result "0-1"]
[WhiteElo "1940"]
[BlackElo "2151"]
[PlyCount "66"]
[EventDate "2009.11.13"]

1. d4 Nf6 2. c4 g6 3. Nc3 Bg7 4. e4 d6 5. f3 O-O 6. Be3 Nc6 7. Qd2 Re8 8. Nge2
Rb8 9. O-O-O a6 10. Kb1 b5 11. Nc1 e5 12. d5 Nd4 13. N3e2 c5 14. dxc6 Nxc6 15.
Qxd6 Bd7 16. cxb5 axb5 17. Nc3 Re6 18. Qd2 Nd4 19. Bxd4 Rd6 20. Nb3 exd4 21. e5
Bf5+ 22. Ka1 dxc3 23. Qxd6 Nd7 24. f4 g5 25. Bd3 Bg4 26. Rde1 cxb2+ 27. Kb1
gxf4 28. h3 Rb6 29. Qd4 Be6 30. Nc5 Qe7 31. Nxd7 Qa3 32. Nxb6 Qxa2+ 33. Kc2
b1=Q+ 0-1

[Event "II Festival Dioscuri A"]
[Site "Agrigento ITA"]
[Date "2009.11.15"]
[Round "5"]
[White "Arnetta, Maria Teresa"]
[Black "Gromovs, Sergejs"]
[Result "1/2-1/2"]
[WhiteElo "2046"]
[BlackElo "2291"]
[PlyCount "29"]
[EventDate "2009.11.13"]

1. e4 e5 2. Nf3 Nf6 3. Nxe5 d6 4. Nf3 Nxe4 5. d4 d5 6. Bd3 Be7 7. O-O O-O 8.
Bf4 Bg4 9. Nbd2 f5 10. c3 Bd6 11. Bxd6 Qxd6 12. Qb3 Bxf3 13. Nxf3 Nd7 14. Rfe1
Kh8 15. Rad1 1/2-1/2

[Event "II Festival Dioscuri A"]
[Site "Agrigento ITA"]
[Date "2009.11.15"]
[Round "5"]
[White "Bentivegna, Francesco"]
[Black "Mazzilli, Piero"]
[Result "0-1"]
[WhiteElo "2303"]
[BlackElo "2347"]
[PlyCount "30"]
[EventDate "2009.11.13"]

1. e4 e6 2. d4 d5 3. Nc3 Nc6 4. Nf3 Nf6 5. exd5 exd5 6. Bb5 Be7 7. O-O O-O 8.
Bxc6 bxc6 9. Ne5 Bb7 10. Bg5 Ne4 11. Nxe4 dxe4 12. Bxe7 Qxe7 13. c3 c5 14. Qe2
cxd4 15. cxd4 15... c5 {...} 0-1

[Event "II Festival Dioscuri A"]
[Site "Agrigento ITA"]
[Date "2009.11.15"]
[Round "5"]
[White "Caruso, Antonino"]
[Black "Culle', Salvatore"]
[Result "0-1"]
[WhiteElo "1717"]
[BlackElo "1996"]
[PlyCount "110"]
[EventDate "2009.11.13"]

1. c4 Nf6 2. Nc3 g6 3. Nf3 Bg7 4. d4 O-O 5. e3 d6 6. Be2 c6 7. O-O Nbd7 8. h3
e5 9. Qc2 Re8 10. dxe5 dxe5 11. Rd1 Qe7 12. e4 a5 13. Be3 Nc5 14. Nd2 Ne6 15.
Nf3 Nd7 16. Nh2 Nd4 17. Qd3 Nc5 18. Qd2 Rd8 19. Qc1 Nxe4 20. Bxd4 exd4 21. Nxe4
Qxe4 22. Bd3 Qe7 23. Nf3 Qf6 24. Re1 Bxh3 25. Re4 Be6 26. Qd2 c5 27. Rae1 h6
28. Nh4 Bd7 29. Rf4 Qd6 30. Nf3 Re8 31. Rfe4 Rxe4 32. Bxe4 Bc6 33. Bxc6 Qxc6
34. Qf4 Re8 35. Rxe8+ Qxe8 36. Qc7 d3 37. Qxc5 Qe2 38. Qxa5 Qxb2 39. Qd8+ Kh7
40. Qxd3 Qxa2 41. Qd5 Kg8 42. Qxb7 Qxc4 43. Qb1 Bf6 44. Qb8+ Kg7 45. Qb6 g5 46.
Qb1 Qe2 47. Qf5 Qe7 48. Kh1 h5 49. Kg1 g4 50. Nh2 Qe5 51. Qd3 Be7 52. Nf1 f5
53. Ng3 Kg6 54. Ne2 Bd6 55. Kf1 Qa1+ 0-1

[Event "II Festival Dioscuri A"]
[Site "Agrigento ITA"]
[Date "2009.11.15"]
[Round "5"]
[White "Dagnino, Marcello"]
[Black "Palazzotto, Giuseppe"]
[Result "0-1"]
[WhiteElo "1565"]
[BlackElo "1952"]
[PlyCount "68"]
[EventDate "2009.11.13"]

1. e4 c5 2. Nf3 d6 3. d4 cxd4 4. Nxd4 Nf6 5. Nc3 g6 6. Bc4 Bg7 7. h3 Nc6 8.
Nxc6 bxc6 9. Bb3 Ba6 10. Qd4 O-O 11. Qa4 Qc8 12. Bc4 Bb7 13. Bd3 Nd7 14. Be3
Nb6 15. Qa3 c5 16. f3 Qe6 17. Nb5 Rfc8 18. Be2 d5 19. O-O-O d4 20. Bf2 a6 21.
Nxd4 cxd4 22. Bxd4 Nc4 23. Bxc4 Qxc4 24. Bc3 Bxc3 25. bxc3 e6 26. Rd3 Rab8 27.
Rhd1 Qb5 28. Rd4 a5 29. Qe7 Qb6 30. Qa3 Ba6 31. Kd2 Qc7 32. Ke3 e5 33. Rd5 Qb6+
34. Kd2 Bc4 0-1

[Event "II Festival Dioscuri A"]
[Site "Agrigento ITA"]
[Date "2009.11.15"]
[Round "5"]
[White "Dragojlovic, Andjelko"]
[Black "Valguarnera, Girolamo"]
[Result "1-0"]
[WhiteElo "2394"]
[BlackElo "2140"]
[PlyCount "44"]
[EventDate "2009.11.13"]

1. e4 c6 2. d4 d5 3. Nd2 dxe4 4. Nxe4 Nd7 5. Bd3 Ngf6 6. Ng5 Nb6 7. N1f3 Bg4 8.
O-O Bxf3 9. Nxf3 e6 10. b3 Be7 11. c4 O-O 12. Bb2 a5 13. a3 Qc7 14. Qe2 Rae8
15. Bc3 Nbd7 16. Rfe1 Bd6 17. h3 c5 18. Bc2 b6 19. Bb2 cxd4 20. Nxd4 Bc5 21.
Nb5 Qf4 22. Rad1 22... e5 {...} 1-0

[Event "II Festival Dioscuri A"]
[Site "Agrigento ITA"]
[Date "2009.11.15"]
[Round "5"]
[White "Filetti, Massimiliano"]
[Black "Russo, Alfio"]
[Result "1/2-1/2"]
[WhiteElo "1928"]
[BlackElo "1968"]
[PlyCount "82"]
[EventDate "2009.11.13"]

1. e4 c5 2. d4 cxd4 3. c3 d3 4. Bxd3 d6 5. Nf3 Nf6 6. c4 e6 7. Nc3 Be7 8. O-O
O-O 9. Qe2 Nbd7 10. Rd1 a6 11. e5 dxe5 12. Nxe5 Qa5 13. Nxd7 Bxd7 14. Bd2 Qc7
15. Bg5 Bc6 16. Rd2 Rfd8 17. Rad1 Qa5 18. Bh4 Re8 19. Bb1 Rac8 20. a3 b5 21.
cxb5 axb5 22. Bxf6 Bxf6 23. Ne4 Bxe4 24. Bxe4 b4 25. axb4 Qxb4 26. g3 Rb8 27.
Rb1 g6 28. b3 Re7 29. Bg2 Ra7 30. Rc2 Ra1 31. Rcc1 Rxb1 32. Rxb1 Kg7 33. Bf1
Bd4 34. Qc4 Qd2 35. Qe2 Qc3 36. Qc4 Qd2 37. Qe2 Qa5 38. Qc4 Bxf2+ 39. Kxf2 Qa2+
40. Qe2 Qxb1 41. Qe5+ 41... Kh6 {...} 1/2-1/2

[Event "II Festival Dioscuri A"]
[Site "Agrigento ITA"]
[Date "2009.11.15"]
[Round "5"]
[White "Gangemi, Salvatore"]
[Black "Bottino, Alexiei"]
[Result "1-0"]
[WhiteElo "2097"]
[BlackElo "2012"]
[PlyCount "112"]
[EventDate "2009.11.13"]

1. c4 c6 2. Nf3 d5 3. d4 e6 4. Qc2 f5 5. Bg5 Nf6 6. Nbd2 Bd6 7. cxd5 exd5 8. e3
O-O 9. Bd3 g6 10. h4 Qe8 11. Bxf6 Rxf6 12. h5 Nd7 13. hxg6 hxg6 14. O-O-O Nf8
15. Rh6 Bd7 16. Ng5 Rc8 17. Rdh1 c5 18. Kb1 Ba4 19. b3 Bb5 20. Nh7 Nxh7 21.
Rxh7 Bf8 22. Rxb7 Bxd3 23. Qxd3 Qc6 24. Qb5 Qxb5 25. Rxb5 a6 26. Ra5 cxd4 27.
Rxd5 dxe3 28. fxe3 Re6 29. Nc4 Rce8 30. Rhd1 Bh6 31. Rd8 Rxd8 32. Rxd8+ Kf7 33.
Rd6 Bf8 34. Rd7+ Kf6 35. Kc2 g5 36. Kd3 f4 37. e4 g4 38. Rd5 Bh6 39. e5+ Kf7
40. Nd6+ Kg6 41. Ke4 f3 42. gxf3 g3 43. f4 Kh5 44. f5 Re7 45. f6 Rc7 46. e6+
Kg4 47. Nc4 g2 48. Rd1 Bg5 49. e7 Rc8 50. Ke5 Kg3 51. Ke6 Kf2 52. f7 Bxe7 53.
Kxe7 Rc7+ 54. Kf6 Rc6+ 55. Kg7 Rc7 56. Kg8 Ke2 1-0

[Event "II Festival Dioscuri A"]
[Site "Agrigento ITA"]
[Date "2009.11.15"]
[Round "5"]
[White "Gigante, Giovanni"]
[Black "Del Vivo, Marco"]
[Result "0-1"]
[WhiteElo "1692"]
[BlackElo "1891"]
[PlyCount "78"]
[EventDate "2009.11.13"]

1. d4 d6 2. Nf3 g6 3. e4 Bg7 4. Be3 Nf6 5. Nc3 O-O 6. Be2 e5 7. dxe5 dxe5 8.
O-O Nbd7 9. h3 Qe7 10. Bc4 c6 11. a4 Nc5 12. Bxc5 Qxc5 13. Qe2 Nh5 14. Rfd1 Nf4
15. Qf1 Be6 16. Bxe6 Nxe6 17. Rd3 Nd4 18. Qd1 f5 19. exf5 gxf5 20. Nxd4 exd4
21. Ne2 Rad8 22. Kf1 Qb6 23. Nf4 Rfe8 24. b3 Qc7 25. Qf3 Re4 26. Nh5 Qh2 27. g4
Rde8 28. Nxg7 Kxg7 29. gxf5 Rf4 30. Qg2+ Qxg2+ 31. Kxg2 Kf6 32. Rad1 Rg8+ 33.
Rg3 Re8 34. Rd2 c5 35. Rf3 Kxf5 36. Rxf4+ Kxf4 37. b4 b6 38. bxc5 bxc5 39. Rd3
39... Re2 {...} 0-1

[Event "II Festival Dioscuri A"]
[Site "Agrigento ITA"]
[Date "2009.11.15"]
[Round "5"]
[White "Ljubisavljevic, Zivojin Z."]
[Black "Kizov, Atanas"]
[Result "1/2-1/2"]
[WhiteElo "2287"]
[BlackElo "2415"]
[PlyCount "64"]
[EventDate "2009.11.13"]

1. d4 d6 2. e4 Nf6 3. Nc3 e5 4. f4 exd4 5. Qxd4 a6 6. Nd5 Be7 7. Bd3 Nxd5 8.
exd5 O-O 9. Ne2 Bh4+ 10. g3 Bf6 11. Qf2 Nd7 12. c3 Nc5 13. Bc2 Re8 14. O-O Bh3
15. Re1 Qd7 16. Be3 Ne4 17. Bxe4 Rxe4 18. Bd4 Bxd4 19. Nxd4 Rxe1+ 20. Rxe1 Re8
21. Rxe8+ Qxe8 22. Qe2 Qxe2 23. Nxe2 Bf5 24. Nd4 Be4 25. c4 Bd3 26. b3 Kf8 27.
Kf2 Ke8 28. Ke3 Bb1 29. a3 Kd7 30. Nf3 Bc2 31. b4 h6 32. c5 32... Bb3 {...}
1/2-1/2

[Event "II Festival Dioscuri A"]
[Site "Agrigento ITA"]
[Date "2009.11.15"]
[Round "5"]
[White "Ninov, Nikolai Ivanov"]
[Black "Caizzone, Vito"]
[Result "1-0"]
[WhiteElo "2521"]
[BlackElo "2149"]
[PlyCount "113"]
[EventDate "2009.11.13"]

1. e4 c6 2. d4 d5 3. Nc3 dxe4 4. Nxe4 Bf5 5. Ng3 Bg6 6. h4 h6 7. f4 e6 8. Nf3
Nd7 9. h5 Bh7 10. Bd3 Bxd3 11. Qxd3 Ngf6 12. Bd2 Qc7 13. O-O-O O-O-O 14. Qe2
Bd6 15. Ne5 Rhf8 16. Rhf1 Rde8 17. Rf3 Kb8 18. Rb3 Ka8 19. Qf3 Rc8 20. Nf1 c5
21. Ba5 Nb6 22. Ne3 cxd4 23. Bxb6 axb6 24. Rxd4 Bc5 25. Rc4 Rfd8 26. Ra3+ Kb8
27. b4 Bxe3+ 28. Rxe3 Qe7 29. Rxc8+ Rxc8 30. a3 Nd5 31. Qxd5 exd5 32. Nc6+ bxc6
33. Rxe7 Rc7 34. Re8+ Kb7 35. Rg8 f6 36. Re8 Rd7 37. a4 Kc7 38. Kb2 Rd8 39.
Rxd8 Kxd8 40. Kb3 Kd7 41. c4 Kd6 42. cxd5 Kxd5 43. a5 bxa5 44. bxa5 c5 45. a6
Kc6 46. Kc4 Kb6 47. g3 f5 48. a7 Kxa7 49. Kxc5 Kb7 50. Kd6 Kc8 51. Ke6 Kd8 52.
Kf7 Kd7 53. Kxg7 Ke7 54. Kxh6 Kf6 55. Kh7 Kf7 56. h6 Kf6 57. Kg8 1-0

[Event "II Festival Dioscuri A"]
[Site "Agrigento ITA"]
[Date "2009.11.15"]
[Round "5"]
[White "Palazzotto, Roberto"]
[Black "Furnari, Francesco"]
[Result "1-0"]
[WhiteElo "1849"]
[BlackElo "1861"]
[PlyCount "65"]
[EventDate "2009.11.13"]

1. e4 e5 2. Nf3 Nc6 3. Bb5 a6 4. Ba4 Nf6 5. O-O b5 6. Bb3 Be7 7. Re1 d6 8. h3
O-O 9. c3 Na5 10. Bc2 c5 11. d4 Qc7 12. Nbd2 Bd7 13. Nf1 Nc4 14. Ne3 Nxe3 15.
Bxe3 Rac8 16. Rc1 Rfe8 17. Nd2 Bf8 18. f4 exf4 19. Bxf4 Qb7 20. e5 dxe5 21.
Bxe5 Qb6 22. Qf3 Re6 23. Bf5 Rxe5 24. dxe5 Bc6 25. Be4 Nxe4 26. Nxe4 Re8 27.
Qg4 Kh8 28. Nd6 Bxd6 29. exd6 Qd8 30. Rxe8+ Qxe8 31. Qg3 f5 32. Re1 Qf8 33. Qe5
1-0